| 000 | 00528nam a22001937a 4500 | ||
|---|---|---|---|
| 003 | KOHA_MİRAKIL | ||
| 005 | 20251003120408.0 | ||
| 008 | 251003b tu ||||| |||| 00| 0 tur d | ||
| 020 | _a9786051721491 | ||
| 040 |
_aTR-AnABB _btur _cTR-AnABB |
||
| 041 | _atur | ||
| 082 |
_a823.914 _bMİE 2016 |
||
| 100 | 1 | _aMieville, China, | |
| 245 | 1 | 0 |
_aElçilik kenti / _cChina Mieville |
| 260 |
_aİstanbul : _bYordam Kitap, _c2016 |
||
| 300 |
_a414 sayfa ; _c20 cm |
||
| 650 | 0 | 4 | _aİngiliz edebiyatı, roman |
| 942 |
_2ddc _cBK |
||
| 999 |
_c9064 _d9064 |
||
| 900 | _bGizem YORULMAZ | ||